Southville International School and Colleges
Your cart is empty.
  • Cart
  • Lists
    Public lists Eva Luna New books Lux_list list_1
    Your lists Log in to create your own lists
  • Log in to your account
  • Your cookies
  • Search history
Southville International School and Colleges
  • Advanced search
  • Recent comments
  • Most popular
  • Libraries

Log in to your account

Log in with GOOGLE


If you do not have an external account, but do have a local account, you can still log in:

  1. Home
  2. MARC view: The usborne guide to e-mail
Normal view MARC view ISBD view

The usborne guide to e-mail (Record no. 3545)

[ view plain ]
MARC details
000 -LEADER
fixed length control field 00644nam a22002057a 4500
003 - CONTROL NUMBER IDENTIFIER
control field PILC
005 - DATE AND TIME OF LATEST TRANSACTION
control field 20160108150853.0
008 - FIXED-LENGTH DATA ELEMENTS--GENERAL INFORMATION
fixed length control field 130702t xxu||||| |||| 00| 0 eng d
020 ## - INTERNATIONAL STANDARD BOOK NUMBER
International Standard Book Number 07460-37112
050 ## - LIBRARY OF CONGRESS CALL NUMBER
Classification number HE 7551
Item number .W187 2000
082 ## - DEWEY DECIMAL CLASSIFICATION NUMBER
Classification number CS 004.692
Item number W15 2000
100 ## - MAIN ENTRY--PERSONAL NAME
Personal name Wallace, Mark
245 ## - TITLE STATEMENT
Title The usborne guide to e-mail
Statement of responsibility, etc Mark Wallace and Philippa Wingate, Technical consultants : David Lee Taylor and Longhurst
260 ## - PUBLICATION, DISTRIBUTION, ETC. (IMPRINT)
Place of publication, distribution, etc England :
Name of publisher, distributor, etc Usborne Publishing Ltd,
Date of publication, distribution, etc c2000.
300 ## - PHYSICAL DESCRIPTION
Extent 48 p. :
Other physical details ill. col. ;
Dimensions 25 cm. :
520 ## - SUMMARY, ETC.
Summary, etc 1. Electronic mail systems.
562 ## - COPY AND VERSION IDENTIFICATION NOTE
Number of copies 1
942 ## - ADDED ENTRY ELEMENTS (KOHA)
Source of classification or shelving scheme Library of Congress Classification
Koha item type Books
Holdings
Withdrawn status Lost status Source of classification or shelving scheme Damaged status Home library Current library Shelving location Date acquired Total Checkouts Full call number Barcode Date last seen Copy number Price effective from Koha item type
    Library of Congress Classification   Luxembourg Library Luxembourg Library Computer Science Section 07/02/2013   HE 7551 .W187 2000 11363 08/13/2013 1 10/03/2013 Books

The usborne guide to e-mail

APA

Wallace M., . (2000). The usborne guide to e-mail. England: Usborne Publishing Ltd.

Chicago

Wallace Mark, . 2000. The usborne guide to e-mail. England: Usborne Publishing Ltd.

Harvard

Wallace M., . (2000). The usborne guide to e-mail. England: Usborne Publishing Ltd.

MLA

Wallace Mark, . The usborne guide to e-mail. England: Usborne Publishing Ltd. 2000.

  • Place hold
  • Print
  • Cite
  • Add to your cart (remove)
  • Save record
    BIBTEX Dublin Core MARCXML MARC (non-Unicode/MARC-8) MARC (Unicode/UTF-8) MARC (Unicode/UTF-8, Standard) MODS (XML) RIS
  • More searches
    Search for this title in:
    Other Libraries (WorldCat) Other Databases (Google Scholar) Online Stores (Bookfinder.com) Open Library (openlibrary.org)

Exporting to Dublin Core...

SOUTHVILLE LIBRARY

Southville International School and Colleges Library

1281 Tropical Ave. Cor. Luxembourg St., BF Homes International, Las Pinas City

Tel. No. 8256374 / 252358 Loc. 117/146

Powered by Koha